Doctrina pontificia. (Record no. 171143)

MARC details
000 -LEADER
campo de control de longitud fija 00985nam a2200229 i 4500
001 - NÚMERO DE CONTROL
campo de control 171143
003 - IDENTIFICADOR DE NÚMERO DE CONTROL
campo de control ES-MaACL
005 - FECHA Y HORA DE LA ÚLTIMA TRANSACCIÓN
campo de control 20250808062751.0
008 - DATOS DE LONGITUD FIJA--INFORMACIÓN GENERAL
campo de control de longitud fija 090430s1958 sp |||| | spa d
017 ## - NÚMERO DE COPYRIGHT O DE DEPÓSITO LEGAL
Número de copyright o de depósito legal M 1540-1958
245 00 - MENCIÓN DEL TÍTULO
Título Doctrina pontificia.
Número de parte o sección de la obra II,
Nombre de parte o sección de la obra Documentos políticos /
Mención de responsabilidad, etc. edición preparada por José Luis Gutiérrez García ; estudio introductorio y sumario de tesis por Alberto Martín Artajo ; con la colaboración en el sumario de tesis de Venancio Luis Agudo.
260 ## - PUBLICACIÓN, DISTRIBUCIÓN, ETC.
Lugar de publicación, distribución, etc. Madrid :
Nombre del editor, distribuidor, etc. La Editorial Católica,
Fecha de publicación, distribución, etc. 1958.
300 ## - DESCRIPCIÓN FÍSICA
Extensión 183, 1073 p. ;
Dimensiones 20 cm.
490 1# - MENCIÓN DE SERIE
Mención de serie Biblioteca de autores cristianos ;
Designación de volumen o secuencia 174
500 ## - NOTA GENERAL
Nota general Incluye estudio introductorio y sumario de tesis.
700 1# - ENTRADA AGREGADA--NOMBRE PERSONAL
Nombre de persona Gutiérrez García, José Luis.
9 (RLIN) 61152
700 1# - ENTRADA AGREGADA--NOMBRE PERSONAL
Nombre de persona Martín Artajo, Alberto,
Fechas asociadas al nombre 1905-1979
9 (RLIN) 184516
700 0# - ENTRADA AGREGADA--NOMBRE PERSONAL
Nombre de persona Agudo, Venancio-Luis.
9 (RLIN) 18650
830 00 - PUNTO DE ACCESO ADICIONAL DE SERIE-TÍTULO UNIFORME
Título uniforme Biblioteca de autores cristianos
Designación de volumen o secuencia 174
9 (RLIN) 178679
852 ## - LOCALIZACIÓN
Ubicación ES-MaACL
Número de control de estantería J-171
itemnumber R.46092
Holdings
Estatus retirado Estado de pérdida Estado de daño No para préstamo Biblioteca de origen Biblioteca actual Ubicación en estantería Fecha de adquisición Fuente de adquisición Total de préstamos Signatura topográfica completa Código de barras Visto por última vez Precio de reemplazo Tipo de ítem Koha
        Biblioteca del Ateneo de Madrid Biblioteca del Ateneo de Madrid Depósito 2 30/04/2009     J-171 1179608 23/02/2023 23/02/2023 Libro impreso